| 000 | 01025ngm a22003130a 4500 | ||
|---|---|---|---|
| 001 | PT13982 | ||
| 003 | AR-LpoUNG | ||
| 005 | 20210202000524.0 | ||
| 007 | vd cvaizq | ||
| 008 | 191001s1998||||ag |||||||||||||||||spa d | ||
| 037 | _c$33.33 | ||
| 040 |
_aAR-LpoUNG _bspa _cAR-LpoUNG _eaacr |
||
| 041 | _aspa | ||
| 044 | _aag | ||
| 082 | 0 | _a909.8 591v9 | |
| 245 | 1 | 0 |
_a1965-1968, la imaginación al poder : _bdel Che Guevara al mayo francés |
| 260 |
_aBuenos Aires : _bArte Gráfico Editorial Argentino, _c1998. |
||
| 300 | _aVHS (35 min.) : son., col. | ||
| 520 | _aSumario: Estados Unidos bombardea Vietnam; El concilio Vaticano II; Apagón en New York; El mundial de Inglaterra; La revolución Argentina; El libro Rojo; El Che cae en Bolivia; Los sindicatos obreros; El rayo laser. | ||
| 650 | 4 | _aCONFLICTOS ARMADOS | |
| 650 | 4 | _aCULTURA | |
| 650 | 4 | _aESTADOS UNIDOS | |
| 650 | 4 | _aGUERRA | |
| 650 | 4 | _aIGLESIA | |
| 653 | _aVIDEOS | ||
| 710 | 2 | _aClarín (Buenos Aires) | |
| 905 | _a13982 | ||
| 942 | _cVIDEO | ||
| 999 |
_c55032 _d55032 |
||